| 000 | 00760cam a22002653a 4500 | ||
|---|---|---|---|
| 001 | 35173 | ||
| 003 | PGUSA | ||
| 005 | 20140828083746.0 | ||
| 008 | 110204s2011||||xxu|||||s|||||000 | eng d | ||
| 040 |
_aPGUSA _beng |
||
| 042 | _adc | ||
| 050 | 4 | _aPA | |
| 100 | 1 |
_aEuripides, _d--406 |
|
| 245 | 1 | 4 |
_aThe Bacchae of Euripides _h[electronic resource] / _cEuripides |
| 260 |
_bProject Gutenberg, _c2011 |
||
| 506 | _aPublic domain in the USA. | ||
| 516 | _aElectronic text | ||
| 653 | _aPentheus (Greek mythology) -- Drama | ||
| 653 | _aBacchantes -- Drama | ||
| 653 | _aDionysus (Greek deity) -- Drama | ||
| 700 | 1 |
_aMurray, Gilbert, _d1866-1957 |
|
| 830 | 0 |
_aProject Gutenberg _v35173 |
|
| 856 | 4 | 0 | _uhttp://www.gutenberg.org/ebooks/35173 |
| 942 | _cEB | ||
| 999 |
_c264428 _d264428 |
||